[Event "Sparkassen-Open A"]
[Site "Heusenstamm, Martinsee"]
[Date "2017.11.23"]
[Round "1.56"]
[White "Altenbernd, Dirk"]
[Black "Merkel, Markus"]
[Result "1/2-1/2"]
[WhiteElo "1875"]
[BlackElo "2121"]
[PlyCount "113"]
[EventDate "2017.??.??"]
[WhiteTeam "SK Tönsberg Oerlinghausen"]
[BlackTeam "SC Heitersheim"]

1. c4 Nc6 2. g3 e5 3. Bg2 Bc5 4. Nc3 a6 5. d3 d6 6. Nf3 Ba7 7. Rb1 Nf6 8. O-O
Bg4 9. h3 Bf5 10. e4 Bg6 11. Be3 O-O 12. Qd2 Nd7 13. Bxa7 Rxa7 14. b4 Bh5 15.
Nh4 Nd4 16. Nf5 Ne6 17. f4 f6 18. d4 exd4 19. Nxd4 Bf7 20. Nd5 Ra8 21. Rfc1 Re8
22. Nxe6 Bxe6 23. c5 c6 24. Ne3 dxc5 25. bxc5 Rb8 26. a3 Qe7 27. Qa5 Bf7 28.
Nf5 Qd8 29. Qxd8 Rexd8 30. Nd6 Nf8 31. Rxb7 Rxb7 32. Nxb7 Rd3 33. Na5 Be8 34.
Nc4 Rxg3 35. Kf2 Rb3 36. Bf1 Bd7 37. f5 g6 38. Nd6 Rxa3 39. Rb1 a5 40. Rb7 gxf5
41. exf5 Kh8 42. h4 Rc3 43. Bc4 a4 44. Nf7+ Kg7 45. Be6 Bxe6 46. fxe6 Nxe6 47.
Nd8+ Kg6 48. Nxe6 Kf5 49. Nd4+ Ke4 50. Rb4 Kd5 51. Rxa4 Kxc5 52. Nf5 Kd5 53.
Ne3+ Ke5 54. Ra7 Kf4 55. Ra4+ Ke5 56. Ra7 Kf4 57. Ra4+ 1/2-1/2

[Event "Sparkassen-Open A"]
[Site "Heusenstamm, Martinsee"]
[Date "2017.11.23"]
[Round "1.57"]
[White "Meyner, Hannes"]
[Black "Held, Maurice"]
[Result "1-0"]
[WhiteElo "2159"]
[BlackElo "1870"]
[PlyCount "81"]
[EventDate "2017.??.??"]
[WhiteTeam "TG Wehlheiden"]
[BlackTeam "SC Ladja Roßdorf"]

1. d4 g6 2. e4 Bg7 3. Nc3 c6 4. Nf3 d6 5. h3 Nf6 6. a4 a5 7. Be2 Na6 8. O-O O-O
9. Be3 Nb4 10. Re1 Qc7 11. Qd2 Bd7 12. Rac1 Rad8 13. Bh6 Rfe8 14. Bxg7 Kxg7 15.
e5 Nfd5 16. Ne4 Nb6 17. Qg5 d5 18. Ng3 h6 19. Qf4 Nxa4 20. c3 Na2 21. Ra1 N2xc3
22. bxc3 Nxc3 23. Bd3 b5 24. h4 Rh8 25. h5 Rdf8 26. Nh4 Be6 27. Ngf5+ gxf5 28.
Qg3+ Kh7 29. Bxf5+ Bxf5 30. Nxf5 Rhg8 31. Qxc3 Rg5 32. Qd3 Kh8 33. Re3 Rfg8 34.
Rg3 Rxg3 35. Nxg3 e6 36. Qd2 Kh7 37. Rxa5 Qb6 38. Ra3 b4 39. Rf3 Rg7 40. Kh2 c5
41. Qc2+ 1-0

[Event "Sparkassen-Open A"]
[Site "Heusenstamm, Martinsee"]
[Date "2017.11.23"]
[Round "1.58"]
[White "Blosze, Winfried"]
[Black "Heinemann, Ernst"]
[Result "0-1"]
[WhiteElo "1863"]
[BlackElo "2157"]
[PlyCount "78"]
[EventDate "2017.??.??"]
[WhiteTeam "SV Großauheim"]
[BlackTeam "SK Oldenburg"]

1. e4 c6 2. d4 d5 3. exd5 cxd5 4. c4 Nf6 5. Nc3 g6 6. Nf3 Bg7 7. Qb3 O-O 8.
cxd5 a5 9. Bb5 Na6 10. O-O Nb4 11. Bc4 Bf5 12. Ne1 b5 13. Bxb5 Nbxd5 14. Bc6
Rb8 15. Qd1 Qd6 16. Bxd5 Nxd5 17. Qf3 Rfd8 18. Bg5 Rxb2 19. Nxd5 Qxd5 20. Qxd5
Rxd5 21. Bxe7 Bxd4 22. Nf3 Bg7 23. Rad1 Rxd1 24. Rxd1 h6 25. a3 Bg4 26. h3 Be6
27. Rd8+ Kh7 28. Ra8 Rb5 29. Nd2 Be5 30. Kf1 g5 31. f3 Rb2 32. Ne4 Bc4+ 33. Kg1
f5 34. Rxa5 Bd4+ 35. Kh2 fxe4 36. fxe4 Re2 37. Bd6 Rxe4 38. Ra4 Be6 39. Bg3
Bg1+ 0-1

[Event "Sparkassen-Open A"]
[Site "Heusenstamm, Martinsee"]
[Date "2017.11.23"]
[Round "1.59"]
[White "Stork, Oliver"]
[Black "Mager, Thomas"]
[Result "1-0"]
[WhiteElo "2156"]
[BlackElo "1863"]
[PlyCount "147"]
[EventDate "2017.??.??"]
[WhiteTeam "SV Oberursel"]
[BlackTeam "vereinslos"]

1. c4 f5 2. g3 Nf6 3. Bg2 g6 4. Nc3 Bg7 5. e3 O-O 6. Nge2 d6 7. O-O Nc6 8. Rb1
a5 9. a3 e5 10. b4 axb4 11. axb4 Nh5 12. Nd5 Ne7 13. d3 c6 14. Nxe7+ Qxe7 15.
Qc2 Be6 16. b5 d5 17. Bd2 Qf7 18. Rfc1 Rfc8 19. bxc6 bxc6 20. Rb6 dxc4 21. dxc4
e4 22. Nd4 Bd7 23. Bf1 c5 24. Nb5 Bf8 25. Bc3 Rab8 26. Nd6 Bxd6 27. Rxd6 Be6
28. Ba1 Qe7 29. Rcd1 Rd8 30. Rxd8+ Rxd8 31. Rxd8+ Qxd8 32. Qc3 Kf7 33. Qe5 Qf6
34. Qc7+ Qe7 35. Qc6 Nf6 36. Be5 Ne8 37. Be2 Bd7 38. Qd5+ Be6 39. Qc6 Bd7 40.
Qd5+ Be6 41. Qa8 Qd7 42. g4 Qe7 43. gxf5 Bxf5 44. Qd5+ Kf8 45. Bf4 Bh3 46. Bg5
Qa7 47. Qe5 Qg7 48. Qxc5+ Kg8 49. Qd5+ Kf8 50. Qd4 Qxd4 51. exd4 Nd6 52. Be3
Kf7 53. c5 Nf5 54. Bf1 Bg4 55. Bg2 Nxe3 56. fxe3 Bf5 57. Kf2 g5 58. Kg3 h5 59.
h4 Kf6 60. Bh3 Bxh3 61. Kxh3 g4+ 62. Kg3 Ke6 63. Kf2 Kd5 64. Kg2 Kc6 65. Kg3
Kd5 66. Kf4 Ke6 67. Kxe4 Kd7 68. d5 Ke7 69. Kf4 Kd7 70. e4 Ke7 71. e5 Kd7 72.
Ke4 Kd8 73. e6 Ke7 74. Kf4 1-0

[Event "Sparkassen-Open A"]
[Site "Heusenstamm, Martinsee"]
[Date "2017.11.23"]
[Round "1.60"]
[White "Kail, Sindy"]
[Black "Dietze, Frank"]
[Result "0-1"]
[WhiteElo "1861"]
[BlackElo "2154"]
[PlyCount "69"]
[EventDate "2017.??.??"]
[WhiteTeam "SK Klingenberg"]
[BlackTeam "vereinslos"]

1. e4 c5 2. Nf3 d6 3. d4 cxd4 4. Nxd4 Nf6 5. Nc3 a6 6. Bg5 e6 7. f4 Nbd7 8. Qf3
Qc7 9. Be2 b5 10. O-O Bb7 11. a3 Be7 12. Rad1 Nc5 13. Bxf6 gxf6 14. f5 e5 15.
Nb3 Na4 16. Nxa4 bxa4 17. Na1 Rg8 18. Kh1 Rg7 19. Qe3 Kf8 20. c4 Kg8 21. Nc2 a5
22. Rd2 Kh8 23. Qd3 Bc6 24. Ne3 Qa7 25. Ng4 Qb7 26. Bf3 Rb8 27. Rc1 Qa8 28. Qe3
Rb3 29. Qh6 Bxe4 30. Bxe4 Qxe4 31. Nxf6 Qxf5 32. Ne8 Rg6 33. Nxd6 Bxd6 34. Qh4
Rh3 35. Rf2 0-1

[Event "Sparkassen-Open A"]
[Site "Heusenstamm, Martinsee"]
[Date "2017.11.23"]
[Round "1.61"]
[White "Baltic, Fatih"]
[Black "Marchese, Andrea"]
[Result "0-1"]
[WhiteElo "2150"]
[BlackElo "1861"]
[PlyCount "113"]
[EventDate "2017.??.??"]
[WhiteTeam "SG Bochum"]
[BlackTeam "SC Matt im Park"]

1. e4 c6 2. Nc3 d5 3. Qe2 d4 4. Nd1 e5 5. d3 Bd6 6. g3 Qc7 7. Bg2 Ne7 8. Nf3 f6
9. O-O Be6 10. Nh4 Nd7 11. f4 O-O-O 12. f5 Bf7 13. Nf2 Kb8 14. g4 h6 15. Nh1
Nf8 16. Ng3 Nh7 17. Nh5 Rhg8 18. Kh1 Qd7 19. Bd2 Ng5 20. Bf3 c5 21. b3 Nc6 22.
a3 Qe7 23. Bc1 a6 24. Ng3 Na7 25. Bg2 Rc8 26. Nf3 Nxf3 27. Bxf3 Bc7 28. Bd2
Rgd8 29. Rg1 Be8 30. h4 Bc6 31. Nh5 b5 32. Rg2 Bb7 33. g5 hxg5 34. hxg5 Rh8 35.
Rh2 Bd6 36. Rg1 c4 37. gxf6 gxf6 38. Rg7 Qf8 39. Rg6 cxd3 40. Qxd3 Be7 41. Kg1
Rc6 42. Rhg2 Qc8 43. Be1 Rf8 44. a4 Ba3 45. Qd1 bxa4 46. bxa4 Rd6 47. Qd3 Bc5
48. Ng7 Nc6 49. Ne6 Rxe6 50. fxe6 Qxe6 51. Bg4 Qd6 52. Bf5 Ne7 53. Rg7 Nxf5 54.
Rxb7+ Kxb7 55. exf5 Qd5 56. Rg4 Rf7 57. Bh4 0-1

[Event "Sparkassen-Open A"]
[Site "Heusenstamm, Martinsee"]
[Date "2017.11.23"]
[Round "1.62"]
[White "Reinhold, Günther"]
[Black "Klings, Peter"]
[Result "0-1"]
[WhiteElo "1861"]
[BlackElo "2145"]
[PlyCount "70"]
[EventDate "2017.??.??"]
[WhiteTeam "Frankfurter TV"]
[BlackTeam "Freibauer Mörlenbach"]

1. e4 g6 2. d4 Bg7 3. Nf3 d6 4. Nc3 a6 5. Be2 b5 6. a3 Bb7 7. O-O Nd7 8. Re1 c5
9. Be3 Rc8 10. Qd2 cxd4 11. Nxd4 Ngf6 12. f3 O-O 13. Rac1 Re8 14. Bd3 Ne5 15.
Nce2 d5 16. exd5 Bxd5 17. c3 Nxd3 18. Qxd3 e5 19. Nc2 Qc7 20. Nb4 Bc4 21. Qc2
a5 22. Nd3 Nd5 23. Bf2 Bh6 24. Ra1 Ne3 25. Bxe3 Bxe3+ 26. Kh1 e4 27. fxe4 Qa7
28. Ng3 Rcd8 29. Rad1 a4 30. Nc1 Rxd1 31. Qxd1 Bf2 32. Nce2 Bxe1 33. Qxe1 Qe3
34. Qd1 Bxe2 35. Nxe2 Qxe4 0-1

[Event "Sparkassen-Open A"]
[Site "Heusenstamm, Martinsee"]
[Date "2017.11.23"]
[Round "1.63"]
[White "Hoppe, Thilo"]
[Black "Haack, Kevin"]
[Result "1-0"]
[WhiteElo "2128"]
[BlackElo "1859"]
[PlyCount "59"]
[EventDate "2017.??.??"]
[WhiteTeam "SC Bonn Beuel"]
[BlackTeam "SC Bad Soden"]

1. d4 d5 2. c4 e6 3. Nc3 Nf6 4. Bg5 Nbd7 5. e3 Be7 6. Nf3 a6 7. Rc1 O-O 8. cxd5
exd5 9. Bd3 h6 10. Bh4 Nb6 11. Ne5 Ne4 12. Bxe7 Qxe7 13. Nxd5 Nxd5 14. Bxe4 Nf6
15. Bb1 Be6 16. O-O Rfd8 17. Qe2 Rac8 18. Rc5 Nd7 19. Nxd7 Bxd7 20. Qc2 Qf6 21.
Rxc7 g6 22. Qc3 Bc6 23. Rxc8 Rxc8 24. e4 Qg5 25. f4 Qg4 26. Qf3 Qxf3 27. Rxf3
Bb5 28. Rc3 Rxc3 29. bxc3 f5 30. exf5 1-0

[Event "Sparkassen-Open A"]
[Site "Heusenstamm, Martinsee"]
[Date "2017.11.23"]
[Round "1.64"]
[White "Mao, Yvonne"]
[Black "Olesiak, Marcin"]
[Result "0-1"]
[WhiteElo "1856"]
[BlackElo "2059"]
[PlyCount "50"]
[EventDate "2017.??.??"]
[WhiteTeam "SK Gernsheim"]
[BlackTeam "SV Oberursel"]

1. e4 c5 2. Ne2 d6 3. c4 e5 4. Nbc3 f5 5. g3 Nf6 6. Bg2 Nc6 7. d3 Be7 8. f4 O-O
9. O-O fxe4 10. Nxe4 Nxe4 11. Bxe4 Bg4 12. Qe1 Qe8 13. Be3 Nd4 14. Bxd4 cxd4
15. Bxb7 Rb8 16. Bd5+ Kh8 17. b3 Qh5 18. Nxd4 Bf6 19. Nc6 exf4 20. Rxf4 Bxa1
21. Nxb8 Rxf4 22. gxf4 Bd4+ 23. Kg2 Qh3+ 24. Kh1 Bf3+ 25. Bxf3 Qxf3# 0-1

[Event "Sparkassen-Open A"]
[Site "Heusenstamm, Martinsee"]
[Date "2017.11.23"]
[Round "1.65"]
[White "Hahn, Florian"]
[Black "Bachmann, Nick"]
[Result "1-0"]
[WhiteElo "2141"]
[BlackElo "1839"]
[PlyCount "87"]
[EventDate "2017.??.??"]
[WhiteTeam "SC Herborn"]
[BlackTeam "SG Wächtersbach"]

1. Nf3 Nf6 2. c4 c5 3. g3 g6 4. Bg2 Bg7 5. Nc3 Nc6 6. O-O O-O 7. d4 cxd4 8.
Nxd4 a6 9. Nc2 Ne8 10. Be3 Nd6 11. Na3 Nf5 12. Qd2 Nxe3 13. Qxe3 d6 14. Rfd1
Qa5 15. Rac1 Be6 16. Bd5 Qb4 17. Bxe6 Qxb2 18. Na4 Qb4 19. Nb6 fxe6 20. Nxa8
Rxa8 21. Qxe6+ Kh8 22. Nc2 Qa4 23. Ne1 Qxa2 24. Nf3 Rf8 25. h4 Rf6 26. Qc8+ Rf8
27. Qe6 Rf6 28. Qe4 Qa5 29. Rd5 Qc7 30. h5 e6 31. Rdd1 gxh5 32. Kg2 Qf7 33.
Rxd6 Bf8 34. Rdd1 Bc5 35. Rd3 h4 36. Rh1 hxg3 37. fxg3 Rg6 38. Rh3 Qf6 39. Rd7
Ne7 40. Rxb7 Bd6 41. Rd7 Nf5 42. Rdxh7+ Kg8 43. Qa8+ Bf8 44. Rh8+ 1-0

[Event "Sparkassen-Open A"]
[Site "Heusenstamm, Martinsee"]
[Date "2017.11.23"]
[Round "1.66"]
[White "Kirchner, Markus"]
[Black "Rosenberger, Frank"]
[Result "0-1"]
[WhiteElo "1849"]
[BlackElo "2141"]
[PlyCount "78"]
[EventDate "2017.??.??"]
[WhiteTeam "SF Schöneck"]
[BlackTeam "SK Gernsheim"]

1. e4 e6 2. d4 d5 3. Nd2 Nf6 4. e5 Nfd7 5. f4 c5 6. c3 Nc6 7. Ndf3 cxd4 8. cxd4
f5 9. Bd3 Be7 10. Ne2 O-O 11. O-O Nb6 12. Ng3 Bd7 13. Be3 Nb4 14. Bb1 Nc4 15.
Bc1 a5 16. b3 Nb6 17. a3 Na6 18. Bd3 a4 19. b4 Nc7 20. Ne1 Bb5 21. Ne2 Bc4 22.
Nc3 Qd7 23. Bb2 Bxd3 24. Nxd3 Nc4 25. Qe2 Nb5 26. Nxb5 Qxb5 27. Rf3 b6 28. Rh3
g6 29. Bc3 Rfc8 30. Bb2 Rc7 31. g4 Nxb2 32. Qxb2 fxg4 33. Rg3 Rac8 34. Ne1 Bh4
35. Rxg4 Bxe1 36. Rxe1 Rc2 37. Qb1 Qd3 38. Qd1 Rd2 39. Qb1 Rcc2 0-1

[Event "Sparkassen-Open A"]
[Site "Heusenstamm, Martinsee"]
[Date "2017.11.23"]
[Round "1.67"]
[White "Neukirchner, Pascal"]
[Black "Grund, Sebastian"]
[Result "1-0"]
[WhiteElo "2139"]
[BlackElo "1799"]
[PlyCount "45"]
[EventDate "2017.??.??"]
[WhiteTeam "SK Gründau"]
[BlackTeam "MTV Saalfeld"]

1. d4 Nf6 2. c4 g6 3. f3 d5 4. cxd5 Nxd5 5. e4 Nb6 6. Nc3 Bg7 7. Be3 O-O 8. Qd2
e5 9. d5 c6 10. h4 cxd5 11. exd5 f5 12. O-O-O f4 13. Bf2 Bf5 14. Bd3 Bxd3 15.
Qxd3 Na6 16. h5 g5 17. h6 Bh8 18. Kb1 Rc8 19. Ne4 Nc4 20. Rh5 Bf6 21. Nh3 Nb4
22. Qb3 Qa5 23. Be1 1-0

[Event "Sparkassen-Open A"]
[Site "Heusenstamm, Martinsee"]
[Date "2017.11.23"]
[Round "1.68"]
[White "Bajorski, Marius"]
[Black "Bethke, Richard"]
[Result "0-1"]
[WhiteElo "1843"]
[BlackElo "2134"]
[PlyCount "116"]
[EventDate "2017.??.??"]
[WhiteTeam "SV Hofheim"]
[BlackTeam "SF Neuberg"]

1. d4 Nf6 2. Nc3 d5 3. Bf4 Bf5 4. f3 h5 5. e3 e6 6. Bd3 Bd6 7. Nge2 Qe7 8. Qd2
Nbd7 9. O-O-O O-O-O 10. Rhe1 Bxd3 11. Qxd3 Rhe8 12. Bg3 Bxg3 13. Nxg3 h4 14.
Nge2 e5 15. Qb5 a6 16. Qa5 Nb6 17. b3 e4 18. Nf4 g5 19. Nh3 g4 20. fxg4 Nxg4
21. Nf4 Qg5 22. g3 hxg3 23. hxg3 Nf2 24. Rd2 Qxg3 25. Ree2 Ng4 26. Ncxd5 Nxd5
27. Nxd5 Qd6 28. c4 Kb8 29. Nb4 Qe6 30. c5 Nf6 31. c6 Nd5 32. cxb7 Kxb7 33. Rc2
Qb6 34. Qxb6+ cxb6 35. Nxd5 Rxd5 36. Rf2 f5 37. Kb2 Rg8 38. Rg2 Rg4 39. Rxg4
fxg4 40. Rg2 Rg5 41. Kc3 Kc6 42. Kd2 g3 43. Ke1 Kb5 44. Kd1 Kb4 45. Kc2 Rf5 46.
a3+ Kxa3 47. Rxg3 Rf2+ 48. Kc3 b5 49. d5 b4+ 50. Kd4 Kxb3 51. Rg5 a5 52. d6 a4
53. Rd5 a3 54. d7 a2 55. d8=Q a1=Q+ 56. Kxe4 Qh1+ 57. Ke5 Qh5+ 58. Kd6 Qxd5+
0-1

[Event "Sparkassen-Open A"]
[Site "Heusenstamm, Martinsee"]
[Date "2017.11.23"]
[Round "1.69"]
[White "Heindrich, Mark"]
[Black "Papadopoulos, Ioannis"]
[Result "1/2-1/2"]
[WhiteElo "2134"]
[BlackElo "1836"]
[PlyCount "50"]
[EventDate "2017.??.??"]
[WhiteTeam "TuS Dotzheim"]
[BlackTeam "SV Oberursel"]

1. e4 e5 2. Nf3 Nc6 3. Bb5 a6 4. Ba4 Nf6 5. O-O Be7 6. Re1 d6 7. c3 O-O 8. d3
b5 9. Bc2 Na5 10. d4 exd4 11. cxd4 c5 12. Nbd2 Bb7 13. Nf1 d5 14. Ng3 dxe4 15.
Nxe4 Nxe4 16. Bxe4 Qc7 17. dxc5 Bxc5 18. Bd2 Nc4 19. Bc3 Bxe4 20. Rxe4 Rae8 21.
Qe2 Nd6 22. Re5 f6 23. Re6 Qd7 24. Re1 Rxe6 25. Qxe6+ Qxe6 1/2-1/2

[Event "Sparkassen-Open A"]
[Site "Heusenstamm, Martinsee"]
[Date "2017.11.23"]
[Round "1.70"]
[White "Berkes, Jörg"]
[Black "Adocchio, Giampiero"]
[Result "0-1"]
[WhiteElo "1831"]
[BlackElo "2133"]
[PlyCount "90"]
[EventDate "2017.??.??"]
[WhiteTeam "SK Langen"]
[BlackTeam "Mosbacher SC"]

1. Nf3 Nf6 2. g3 g6 3. Bg2 Bg7 4. d3 O-O 5. O-O d5 6. Nbd2 c5 7. e4 d4 8. a4
Nc6 9. Nc4 Be6 10. b3 h6 11. Qe2 a6 12. a5 Bxc4 13. bxc4 Nxa5 14. e5 Ne8 15. e6
Nc6 16. exf7+ Rxf7 17. Nh4 g5 18. Bd5 gxh4 19. Qh5 e6 20. Bxe6 Qf6 21. Bxf7+
Qxf7 22. Qxh4 Nd6 23. Ba3 Ne5 24. f4 Nd7 25. f5 Qf6 26. Qh3 Re8 27. Bc1 Re2 28.
g4 Rxc2 29. Bf4 Nf7 30. Rab1 Ng5 31. Qg3 Qc6 32. h4 Nf7 33. g5 hxg5 34. hxg5
Be5 35. g6 Nd6 36. Bxe5 Nxe5 37. f6 Kf8 38. g7+ Kg8 39. Rbe1 Ndf7 40. Qh3 Nxd3
41. Re7 Nf2 42. Rxf2 Rxf2 43. Kxf2 Qxf6+ 44. Kg1 Qxe7 45. Qc8+ Kxg7 0-1

[Event "Sparkassen-Open A"]
[Site "Heusenstamm, Martinsee"]
[Date "2017.11.23"]
[Round "1.71"]
[White "Köllner, Ruben Gideon"]
[Black "Browning, Rebecca"]
[Result "1-0"]
[WhiteElo "2133"]
[BlackElo "1830"]
[PlyCount "53"]
[EventDate "2017.??.??"]
[WhiteTeam "SG Bochum"]
[BlackTeam "SG Porz"]

1. d4 Nf6 2. Bg5 e6 3. Nd2 d5 4. e3 Be7 5. Bd3 h6 6. Bh4 b6 7. c3 O-O 8. Qe2
Bb7 9. Bxf6 Bxf6 10. f4 c5 11. Ngf3 cxd4 12. cxd4 Qc7 13. Ne5 Bxe5 14. fxe5 a5
15. a4 Nc6 16. O-O Qe7 17. Rae1 Qd7 18. Rf3 Ne7 19. Ref1 Qxa4 20. Rg3 Nf5 21.
Rh3 Qd7 22. g4 Ne7 23. g5 Nf5 24. gxh6 Nxh6 25. Rxh6 gxh6 26. Qg4+ Kh8 27. Rf6
1-0

[Event "Sparkassen-Open A"]
[Site "Heusenstamm, Martinsee"]
[Date "2017.11.23"]
[Round "1.72"]
[White "Engel, Jan"]
[Black "Rendboe, John Filip"]
[Result "0-1"]
[WhiteElo "1830"]
[BlackElo "2127"]
[PlyCount "50"]
[EventDate "2017.??.??"]
[WhiteTeam "Frankfurter TV"]
[BlackTeam "Aarhus/Skolerne"]

1. e4 c5 2. Nf3 Nc6 3. d4 cxd4 4. Nxd4 g6 5. c4 Bg7 6. Be3 Nf6 7. Nc3 O-O 8.
Be2 d6 9. f3 Bd7 10. O-O Nxd4 11. Bxd4 Bc6 12. Rc1 a5 13. b3 Nd7 14. Be3 Nc5
15. Qe1 e6 16. Qf2 Qe7 17. Rfd1 Rad8 18. Kh1 Be5 19. Bf1 f5 20. exf5 Rxf5 21.
Qc2 Qh4 22. Bg1 Rdf8 23. Qf2 Qh6 24. Be2 Rg5 25. Nb5 Ne4 0-1

[Event "Sparkassen-Open A"]
[Site "Heusenstamm, Martinsee"]
[Date "2017.11.23"]
[Round "1.73"]
[White "Engel, Berthold"]
[Black "Fröhlich-Dill, Astrid"]
[Result "1-0"]
[WhiteElo "2125"]
[BlackElo "1830"]
[PlyCount "117"]
[EventDate "2017.??.??"]
[WhiteTeam "BG Buchen"]
[BlackTeam "SV Hofheim"]

1. c4 Nf6 2. g3 c5 3. Bg2 e6 4. Nc3 Nc6 5. Bxc6 bxc6 6. d3 Qc7 7. Nf3 d6 8. Ng5
h6 9. Nge4 Be7 10. O-O O-O 11. f4 d5 12. Nf2 Bd6 13. e4 e5 14. f5 Rd8 15. Qe2
Be7 16. b3 a5 17. Na4 Rb8 18. Be3 d4 19. Bd2 Kh7 20. Kh1 g6 21. Ng4 g5 22.
Nxf6+ Bxf6 23. Nxc5 Be7 24. Na4 f6 25. h4 Rh8 26. Qh5 Kg7 27. Kg2 Bd8 28. Qg6+
Kf8 29. hxg5 Qf7 30. gxh6 Rb7 31. Qxf7+ Rxf7 32. a3 Ke8 33. b4 Ra7 34. Rfb1 Bd7
35. Nc5 Bc8 36. b5 cxb5 37. Rxb5 Rhh7 38. Rab1 Bc7 39. a4 Kd8 40. Nb7+ Ke8 41.
Nc5 Ke7 42. Kf3 Kd6 43. Nb7+ Ke7 44. g4 Kd7 45. g5 fxg5 46. Bxg5 Bxb7 47. Rxb7
Ra8 48. Kg4 Rg8 49. Kh5 Kc6 50. f6 Rf7 51. Ra7 Rff8 52. Ra6+ Kd7 53. Rb5 Rh8
54. Rd5+ Ke8 55. Ra8+ Kf7 56. Ra7 Rc8 57. Rd7+ Ke6 58. Rdxc7 Rxc7 59. Rxc7 1-0

[Event "Sparkassen-Open A"]
[Site "Heusenstamm, Martinsee"]
[Date "2017.11.23"]
[Round "1.74"]
[White "Kilthau, Peter"]
[Black "Hinrichs, Hans-Uwe"]
[Result "1/2-1/2"]
[WhiteElo "1826"]
[BlackElo "2123"]
[PlyCount "131"]
[EventDate "2017.??.??"]
[WhiteTeam "SK Mannheim"]
[BlackTeam "SK Bingen"]

1. e4 c6 2. d4 g6 3. Nf3 d5 4. e5 Bg4 5. Be3 e6 6. Nbd2 Qb6 7. Qc1 Nd7 8. c4
Bxf3 9. c5 Qa5 10. gxf3 b6 11. b4 Qxb4 12. Rb1 Qa5 13. cxb6 axb6 14. Qxc6 Ne7
15. Qb5 Qxa2 16. Bd3 Ra5 17. Qb3 Qxb3 18. Rxb3 Ra1+ 19. Nb1 Nc8 20. O-O Be7 21.
Rc1 O-O 22. Bh6 Rd8 23. Rbc3 Ra8 24. Bb5 Na7 25. Ba6 f5 26. Rc7 Kf7 27. Bb7
Rab8 28. Nc3 b5 29. Nxd5 exd5 30. Bxd5+ Ke8 31. Rxa7 Nxe5 32. Rxe7+ Kxe7 33.
Bg5+ Ke8 34. Bxd8 Rxd8 35. Rc5 Nd3 36. Rxb5 Ke7 37. Rb7+ Kf6 38. Bc4 Nf4 39. h4
Rxd4 40. Bb3 Rd3 41. Bc4 Rxf3 42. Rxh7 Rh3 43. Bf1 Ra3 44. Rc7 Ra4 45. Rc4 Rxc4
46. Bxc4 Ke5 47. Kh2 Ke4 48. Kg3 Nh5+ 49. Kg2 Kf4 50. Be2 Ke4 51. Bf3+ Kf4 52.
Be2 Nf6 53. Bc4 Ng4 54. Be2 Ne5 55. Bd1 Nd3 56. Kf1 Ke5 57. Kg2 Nf4+ 58. Kg3
Nd5 59. Bc2 Nf6 60. Kf3 Nh5 61. Kg2 Kf6 62. Kf3 Kg7 63. Ke3 Kh6 64. Bd1 Nf6 65.
Kf3 Ne4 66. Ke3 1/2-1/2

[Event "Sparkassen-Open A"]
[Site "Heusenstamm, Martinsee"]
[Date "2017.11.23"]
[Round "1.75"]
[White "Meiser, Markus"]
[Black "Schmitz, Tim"]
[Result "1-0"]
[WhiteElo "2117"]
[BlackElo "1825"]
[PlyCount "145"]
[EventDate "2017.??.??"]
[WhiteTeam "Sges Bensheim"]
[BlackTeam "SC Sendling"]

1. d4 Nf6 2. c4 g6 3. Nc3 Bg7 4. e4 d6 5. f3 O-O 6. Be3 Nc6 7. Qd2 a6 8. Rc1
Bd7 9. Nge2 Rb8 10. Nd1 e5 11. d5 Ne7 12. Nec3 Nh5 13. Bd3 Nf4 14. O-O f5 15.
Bb1 Kh8 16. b4 Ng8 17. Nb2 Nf6 18. c5 fxe4 19. Bxe4 Bf5 20. Nc4 Bxe4 21. fxe4
Ng4 22. g3 Nxe3 23. Qxe3 Nh5 24. Rxf8+ Qxf8 25. Rf1 Qe7 26. Na5 Bf6 27. Kg2 Bg5
28. Qf2 Kg8 29. Nc4 Bh6 30. Qg1 Nf6 31. a3 Ng4 32. Rf3 Bg5 33. h3 Nf6 34. cxd6
cxd6 35. Qb6 Ne8 36. Na5 Qc7 37. Qf2 Qe7 38. h4 Bh6 39. Qb6 Qc7 40. Qxc7 Nxc7
41. Nc4 Ne8 42. Nb6 Rd8 43. Nd1 Kg7 44. Rc3 Kf7 45. Kf3 Ke7 46. Nb2 Kf6 47.
N2c4 Ke7 48. Na5 Bd2 49. Rc2 Bh6 50. Ke2 Rb8 51. Kd3 Kd8 52. Rf2 Ke7 53. g4 Bf4
54. Rc2 Kd8 55. a4 Nf6 56. Rg2 Kc7 57. Nac4 Rf8 58. a5 Rd8 59. Ne3 Kb8 60. Nd1
Rg8 61. Nf2 h5 62. g5 Ne8 63. Nh3 Kc7 64. Rc2+ Kd8 65. Rc8+ Ke7 66. Nxf4 exf4
67. Ke2 f3+ 68. Kxf3 Rf8+ 69. Ke3 Rf1 70. Rb8 Rh1 71. Rxb7+ Kf8 72. b5 Rh3+ 73.
Kd4 1-0

[Event "Sparkassen-Open A"]
[Site "Heusenstamm, Martinsee"]
[Date "2017.11.23"]
[Round "1.76"]
[White "Lehmann, Tim"]
[Black "Schröder, Jürgen"]
[Result "0-1"]
[WhiteElo "1818"]
[BlackElo "2116"]
[PlyCount "88"]
[EventDate "2017.??.??"]
[WhiteTeam "SV Lahn Limburg"]
[BlackTeam "SC Matt im Park"]

1. d4 g6 2. Bf4 Bg7 3. e3 d6 4. Nf3 Nd7 5. h3 Ngf6 6. Nbd2 O-O 7. c3 Re8 8. Bh2
b6 9. a4 Bb7 10. Be2 Ne4 11. Nxe4 Bxe4 12. Bd3 Bxd3 13. Qxd3 e5 14. Nd2 d5 15.
dxe5 Nxe5 16. Bxe5 Bxe5 17. Nf3 Bg7 18. Rd1 c6 19. O-O Qe7 20. Nd4 Rac8 21.
Rfe1 Kh8 22. Ne2 f5 23. Nf4 Qf7 24. Ra1 Rc7 25. Rac1 Rce7 26. Kf1 Be5 27. Qd2
Bxf4 28. exf4 Re4 29. Rxe4 Rxe4 30. b3 Qe7 31. f3 Re6 32. c4 dxc4 33. Rxc4 c5
34. Rc3 Rd6 35. Rd3 Rxd3 36. Qxd3 Kg7 37. Qd5 Qe3 38. g3 Kh6 39. h4 Qc1+ 40.
Kf2 Qc2+ 41. Kf1 Qh2 42. Qd8 Qxg3 43. Qg5+ Qxg5 44. fxg5+ Kh5 0-1

[Event "Sparkassen-Open A"]
[Site "Heusenstamm, Martinsee"]
[Date "2017.11.23"]
[Round "1.77"]
[White "Flach, Erich"]
[Black "Jordake, Michael"]
[Result "1-0"]
[WhiteElo "2107"]
[BlackElo "1813"]
[PlyCount "75"]
[EventDate "2017.??.??"]
[WhiteTeam "SK Langen"]
[BlackTeam "SC Bergen-Enkheim"]

1. d4 Nf6 2. c4 e5 3. dxe5 Ng4 4. Bf4 Nc6 5. Nf3 Bb4+ 6. Nbd2 Qe7 7. a3 Ngxe5
8. Nxe5 Nxe5 9. e3 Bxd2+ 10. Qxd2 O-O 11. Be2 d6 12. O-O Bd7 13. c5 Bc6 14.
cxd6 cxd6 15. Qd4 Rfd8 16. Rfd1 f6 17. Rd2 a6 18. Rc1 d5 19. Qb6 Re8 20. Rd4
Rac8 21. Qb3 Kh8 22. Bg3 Qe6 23. h3 Rcd8 24. e4 Nf7 25. Bg4 Qe7 26. exd5 Bb5
27. d6 Qf8 28. d7 Re5 29. Bxe5 Nxe5 30. Qe6 Nc6 31. Rd6 Ne5 32. b3 Nxg4 33.
hxg4 Qg8 34. a4 Bc6 35. Qe7 h6 36. Re1 Kh7 37. Rxc6 bxc6 38. Qe8 1-0

[Event "Sparkassen-Open A"]
[Site "Heusenstamm, Martinsee"]
[Date "2017.11.23"]
[Round "1.78"]
[White "Schäfer, Peter Felix"]
[Black "Edel, Thomas"]
[Result "0-1"]
[WhiteElo "1813"]
[BlackElo "2104"]
[PlyCount "50"]
[EventDate "2017.??.??"]
[WhiteTeam "vereinslos"]
[BlackTeam "SF Hannover"]

1. e4 c6 2. d3 d5 3. Nd2 e5 4. Ngf3 Bd6 5. Be2 Nf6 6. O-O O-O 7. c3 a5 8. a4
Re8 9. Qc2 Nbd7 10. Rd1 Nf8 11. Nf1 h6 12. Ng3 Ng6 13. h3 Nf4 14. Bf1 g6 15.
Bd2 Qe7 16. Rdb1 Nh7 17. b4 Qf6 18. Qd1 Ng5 19. Nxg5 hxg5 20. b5 Kg7 21. bxc6
bxc6 22. c4 Bc5 23. Be3 d4 24. Bxf4 exf4 25. Nh1 g4 0-1

[Event "Sparkassen-Open A"]
[Site "Heusenstamm, Martinsee"]
[Date "2017.11.23"]
[Round "1.79"]
[White "Mueller, Werner"]
[Black "Köllner, Felicitas Ophelia"]
[Result "1-0"]
[WhiteElo "2103"]
[BlackElo "1766"]
[PlyCount "93"]
[EventDate "2017.??.??"]
[WhiteTeam "SK Göggingen"]
[BlackTeam "SV Bergneustadt/Derschlag"]

1. e4 d6 2. d4 Nf6 3. Nc3 e5 4. dxe5 dxe5 5. Qxd8+ Kxd8 6. Nf3 Bd6 7. Bc4 Be6
8. Bb3 h6 9. h3 Nbd7 10. Be3 Bb4 11. O-O-O Bxc3 12. bxc3 Kc8 13. Nd2 c6 14. f3
Kc7 15. Nc4 Ne8 16. Rd2 a5 17. a4 b5 18. Nb2 Rd8 19. Rhd1 Nef6 20. c4 b4 21. c5
Nb8 22. Rxd8 Rxd8 23. Rxd8 Kxd8 24. Bxe6 fxe6 25. Nc4 Nfd7 26. Nxa5 Kc7 27. Kd2
Na6 28. Nb3 Kb7 29. Kd3 g5 30. Kc4 Nf6 31. Nc1 Nd7 32. Nd3 Kc7 33. Bc1 Kb7 34.
Bb2 Kc8 35. a5 Kb7 36. Bxe5 Nf8 37. Bg7 Nh7 38. Bxh6 Kc7 39. Bg7 Kd7 40. Be5
Nf8 41. g3 Nh7 42. Nxb4 Nxb4 43. Kxb4 Kc8 44. a6 Nf8 45. f4 gxf4 46. gxf4 Ng6
47. Ka5 1-0